1000 ejercicios de preparación física

Guardat en:
Dades bibliogràfiques
Autor principal: Blanco Nespereira, Alfonso (Autor)
Format: Llibre
Idioma:espanyol
Publicat: Barcelona Paidotribo 2007
Edició:3a. ed
Col·lecció:Colección Deporte
Matèries:
Etiquetes: Afegir etiqueta
Sense etiquetes, Sigues el primer a etiquetar aquest registre!

MARC

LEADER 00000nam a2200000 a 4500
001 UCG3108
003 CL-VaPUC
008 100812e20070000SP |||||||||||||||||spa|d
020 |a 9788480191821oc 
020 |a 9788480191838v.1 
020 |a 9788480191845v.2 
082 0 4 |a 613.71  |b BLA  |2 21 
100 0 |a Blanco Nespereira, Alfonso  |e author  |9 551986 
245 1 0 |a 1000 ejercicios de preparación física 
250 |a 3a. ed 
300 |a v 
942 |c BK 
945 |d 20100812 00:00:00  |a dcastane 
260 |a Barcelona  |b Paidotribo  |c 2007 
500 |a v.1: bases teóricas. La preparación física en la edad escolar inicial 
500 |a v.2: la preparación física en las edades prepuberal, puberal y adulta 
650 7 |a FITNESS  |2 CL-VaPUC  |9 469781 
650 0 |a Ejercicios físicos  |9 307296 
650 7 |a ENTRENAMIENTO ATLETICO  |2 CL-VaPUC  |9 551987 
650 0 |a Niños  |9 255605 
583 |a last modification  |c 20100812 00:00:00  |k Rodrigo Vera 
490 0 |a Colección Deporte 
999 |c 342205  |d 342203 
952 |0 0  |1 0  |4 0  |6 613_710000000000000_BLA_2007  |7 0  |8 C  |9 438262  |a BIBCUR  |b BIBCUR  |d 2019-11-22  |h v.1  |i 4702328  |l 2  |o 613.71 BLA 2007  |p 4702328  |r 2025-04-22  |s 2024-09-11  |w 2019-11-22  |y BK  |k DEN 
952 |0 0  |1 0  |4 0  |6 613_710000000000000_BLA_2007  |7 0  |8 C  |9 438263  |a BIBCUR  |b BIBCUR  |d 2019-11-22  |h v.2  |i 4702336  |l 1  |o 613.71 BLA 2007  |p 4702336  |r 2025-04-22  |s 2024-09-11  |w 2019-11-22  |y BK  |k DEN